| 000 | 00396nam a22001457a 4500 | ||
|---|---|---|---|
| 005 | 20240723121221.0 | ||
| 008 | 240723b |||||||| |||| 00| 0 eng d | ||
| 082 |
_a330 _bPAK |
||
| 245 |
_aPakistan Economic Survey 2004-05/ _cFinance Division |
||
| 260 |
_aIslamabad; _bGovernment of Pakistan; _c2005. |
||
| 300 |
_axxix, 132 p.: _bill; _c27 cm. |
||
| 650 | _aEconomics | ||
| 999 |
_c36187 _d36187 |
||